| 000 -LEADER |
| fixed length control field |
00893nam a2200289 i 4500 |
| 001 - CONTROL NUMBER |
| control field |
020773882 |
| 003 - CONTROL NUMBER IDENTIFIER |
| control field |
UkOxU |
| 005 - DATE AND TIME OF LATEST TRANSACTION |
| control field |
20230223110710.0 |
| 008 - FIXED-LENGTH DATA ELEMENTS--GENERAL INFORMATION |
| fixed length control field |
170130r20112009enka 000 1 eng d |
| 020 ## - INTERNATIONAL STANDARD BOOK NUMBER |
| International Standard Book Number |
9781407578477 |
| Qualifying information |
paperback |
| 035 ## - SYSTEM CONTROL NUMBER |
| System control number |
(StEdALDL)1/3535854 |
| 040 ## - CATALOGING SOURCE |
| Original cataloging agency |
StEdALDL |
| Language of cataloging |
eng |
| Description conventions |
rda |
| Transcribing agency |
StEdALDL |
| Modifying agency |
UkOxU |
| -- |
KH8 |
| 049 ## - LOCAL HOLDINGS (OCLC) |
| Holding library |
CROBAR |
| 082 ## - DEWEY DECIMAL CLASSIFICATION NUMBER |
| Classification number |
823.92 HAR |
| 100 1# - MAIN ENTRY--PERSONAL NAME |
| Personal name |
Harker, Jillian, |
| Relator term |
author. |
| 245 10 - TITLE STATEMENT |
| Title |
Benji's new friends / |
| Statement of responsibility, etc. |
written by Jillian Harker ; illustrated by Gill McLean. |
| 264 #1 - PRODUCTION, PUBLICATION, DISTRIBUTION, MANUFACTURE, AND COPYRIGHT NOTICE |
| Place of production, publication, distribution, manufacture |
Bath : |
| Name of producer, publisher, distributor, manufacturer |
Parragon Books Ltd, |
| Date of production, publication, distribution, manufacture, or copyright notice |
2011. |
| 264 #4 - PRODUCTION, PUBLICATION, DISTRIBUTION, MANUFACTURE, AND COPYRIGHT NOTICE |
| Date of production, publication, distribution, manufacture, or copyright notice |
©2009 |
| 300 ## - PHYSICAL DESCRIPTION |
| Extent |
34 unnumbered pages : |
| Other physical details |
mainly colour illustrations ; |
| Dimensions |
29 cm |
| 336 ## - CONTENT TYPE |
| Content type term |
text |
| Source |
rdacontent |
| 337 ## - MEDIA TYPE |
| Media type term |
unmediated |
| Source |
rdamedia |
| 338 ## - CARRIER TYPE |
| Carrier type term |
volume |
| Source |
rdacarrier |
| 500 ## - GENERAL NOTE |
| General note |
First published: 2009. |
| 650 ## - SUBJECT ADDED ENTRY--TOPICAL TERM |
| Topical term or geographic name entry element |
Children's story |
| 700 1# - ADDED ENTRY--PERSONAL NAME |
| Personal name |
McLean, Gill, |
| Relator term |
illustrator. |
| 942 ## - ADDED ENTRY ELEMENTS (KOHA) |
| Source of classification or shelving scheme |
|
| Koha item type |
Books - Non Ficton |